000
00288nam a22001337a 4500
008
171113b xxu||||| |||| 00| 0 eng d
020
_a
9780073019789
041
_a
eng
080
_a
338
100
_a
53
101
_a
MAN
245
_a
REATILINNG MANAGENENT
_c
LEVY.W
942
_2
udc
_c
BK
999
_c
38262
_d
38262